Statystyki dla Wymień największe NIEMIECKIE obozy koncentracyjne

Kliknij tutaj aby rozwiązać quiz!

Ogólne statystyki

  • Ten quiz został rozwiązany 85 razy
  • Średni wynik to 5 z 23

Statystyki odpowiedzi

Liczba OfiarObóz Koncentracyjny% Poprawnych
1,1mln.-1,5mln.Auschwitz
96%
80tys.Majdanek
64%
41tys.Dachau
61%
900tys.-1mln.Treblinka
58%
170tys.-250tys.Sobibór
30%
430tys.-480tys.Bełżec
29%
65tys.Stutthof
29%
40tys.Gross-Rosen
23%
56tys.Buchenwald
20%
100tys.-120tys.Mauthausen
19%
30tys.-50tys.Sachsenhausen
17%
10tys.-30tys.Ravensbruck
16%
53tys.Bergen-Belsen
14%
200tys.Chełmno
10%
20tys.KL Warschau
7%
43tys.Neuengamme
7%
30tys.Flossenburg
6%
700-800Hertogenbosch
6%
20tys.Mittelbau-Dora
6%
22tys.Natzweiler
6%
35tys.Theresienstadt
6%
22tys.Kołdyczewo
3%
8tys.-12tys.Płaszczów
1%

Rozkład punktacji

Percentyl według liczby udzielonych odpowiedzi

Procent ludzi z każdym wynikiem

Twoja historia wyników

Nie rozwiązałeś tego quizu